Loading...
| Literature - American | 0 | 10 | 0 | 0 | 100 | 24 | 77.50 | 4 | 7 | 32.16 | 52.38 |
| Science - Biology | 0 | 8 | 1 | 3 | 75 | 48 | 91.25 | 0 | 3 | 15.13 | 25.00 |
| Fine Arts - Painting and Sculpture | 0 | 6 | 0 | 1 | 60 | 78 | 100.67 | 3 | 6 | 11.99 | 36.90 |
| Literature - World | 0 | 6 | 1 | 0 | 55 | 83 | 100.67 | 2 | 4 | 12.13 | 27.38 |
| Literature - European | 0 | 6 | 2 | 0 | 50 | 58 | 83.17 | 1 | 6 | 16.97 | 29.76 |
| Science - Chemistry | 0 | 5 | 3 | 0 | 35 | 36 | 75.40 | 2 | 5 | 13.61 | 25.00 |
| History - European | 0 | 3 | 0 | 0 | 30 | 23 | 40.00 | 3 | 3 | 14.93 | 20.24 |
| Religion | 0 | 3 | 0 | 1 | 30 | 58 | 91.00 | 1 | 2 | 7.45 | 14.29 |
| History - World | 0 | 3 | 0 | 1 | 30 | 70 | 95.67 | 0 | 2 | 5.08 | 7.14 |
| Fine Arts - Classical Music | 0 | 3 | 0 | 0 | 30 | 62 | 82.00 | 1 | 3 | 7.16 | 16.67 |
| Fine Arts - Other | 0 | 3 | 0 | 1 | 30 | 65 | 105.67 | 0 | 1 | 4.89 | 8.33 |
| Literature - British | 0 | 3 | 1 | 0 | 25 | 107 | 118.67 | 1 | 2 | 2.74 | 14.29 |
| Science - Other | 0 | 2 | 0 | 1 | 20 | 99 | 109.00 | 0 | 0 | 1.20 | 3.57 |
| Science - Physics | 0 | 2 | 1 | 0 | 15 | 90 | 110.00 | 0 | 1 | 2.24 | 5.95 |
| Philosophy | 0 | 1 | 0 | 0 | 10 | 77 | 77.00 | 0 | 1 | 3.07 | 4.76 |
| History - American | 0 | 1 | 1 | 0 | 5 | 88 | 88.00 | 0 | 1 | 2.42 | 2.38 |
| Geography | 0 | 1 | 1 | 1 | 5 | 130 | 130.00 | 0 | 0 | 0.00 | 4.17 |
| History - Other | 0 | 0 | 2 | 0 | -10 | 0.00 | 0 | 0 | 0.00 | 0.00 |